GETS Theological Seminary Library

S. Thomae Aquinatis In duodecim libros metaphysicorum Aristotelis expositio (Record no. 40679)

MARC details
000 -LEADER
fixed length control field 00461nam a2200145Ia 4500
008 - FIXED-LENGTH DATA ELEMENTS--GENERAL INFORMATION
fixed length control field 220820s9999 xx 000 0 und d
041 ## - LANGUAGE CODE
Language code of text/sound track or separate title eng
050 ## - LIBRARY OF CONGRESS CALL NUMBER
Classification number B765.T53
Item number .I5 1950
100 ## - MAIN ENTRY--PERSONAL NAME
Personal name Thomas, Aquinas
245 #0 - TITLE STATEMENT
Title S. Thomae Aquinatis In duodecim libros metaphysicorum Aristotelis expositio
Remainder of title /
Statement of responsibility, etc. Thomas, Aquinas, Saint
260 ## - PUBLICATION, DISTRIBUTION, ETC.
Place of publication, distribution, etc. [Torino] :
Name of publisher, distributor, etc. Marietti,
Date of publication, distribution, etc. 1950
300 ## - PHYSICAL DESCRIPTION
Extent xxiv, 647 p.
Other physical details ;
Dimensions 24 cm.
650 ## - SUBJECT ADDED ENTRY--TOPICAL TERM
Topical term or geographic name entry element Aristotle Metaphysics.
Holdings
Withdrawn status Lost status Damaged status Not for loan Home library Current library Shelving location Date acquired Total Checkouts Full call number Barcode Date last seen Price effective from Koha item type
        GETS Theological Seminary Library GETS Theological Seminary Library   08/20/2022   B765.T53 .I5 1950 00028785 08/20/2022 08/20/2022 English Books
OpacCredits

Contact the Librarian, GETS Library
Email: library@mygets.org









Implemented by GETS Library
(Powered by ETCA Professional Group)
GETS Theological Seminary
412 E. Rowland Street, CA 91723